[Event "Najdorf Mem Open A 2014"]
[Site "Warsaw POL"]
[Date "2014.07.19"]
[Round "8.24"]
[White "Vydeslaver, Alik"]
[Black "Deszczynski, Adam"]
[Result "1/2-1/2"]
[WhiteTitle "IM"]
[WhiteElo "2384"]
[BlackElo "2341"]
[WhiteFideId "2801876"]
[BlackFideId "1102753"]
[EventDate "2014.07.14"]

1. e4 c5 2. Nf3 Nc6 3. Bb5 d6 4. d4 cxd4 5. Qxd4 Bd7 6. Bxc6 Bxc6 7. Nc3 Nf6 8.
Bg5 e6 9. O-O-O h6 10. Bxf6 gxf6 11. Qd3 Qb6 12. Nd4 h5 13. f4 Bh6 14. Rhf1
O-O-O 15. Kb1 d5 16. Nxc6 bxc6 17. exd5 cxd5 18. f5 Bg5 19. h4 Bh6 20. fxe6 fxe6
21. Rxf6 Bg7 22. Rf7 Rd7 23. Rxd7 Kxd7 24. Na4 Qc6 25. b3 Qd6 26. c3 Rc8 27. b4
Qe5 28. Rf1 Ke7 29. Kb2 Rc4 30. Kb3 Qe4 31. Qg3 Bf6 32. Qf2 Rxb4+ 33. cxb4 Qc4+
34. Ka3 Qd3+ 35. Nc3 Qxc3+ 36. Ka4 Kf7 37. Qe2 Qc6+ 38. b5 Qc3 39. Rf4 Ke7 40.
Qf3 Qc2+ 41. Qb3 Qxg2 42. Qa3+ Kf7 43. Qc3 Qxa2+ 44. Kb4 Qb1+ 45. Ka3 Qg6 46.
Qc7+ Ke8 47. Qc8+ Bd8 48. Qc6+ Ke7 49. Qc5+ Kd7 50. Qxa7+ Kd6 51. Qb8+ Bc7 52.
Qf8+ Ke5 53. Kb2 Qd3 54. Qf6+ Kd6 55. Rb4 Kc5 56. Rb3 Qd2+ 57. Kb1 Qd1+ 58. Ka2
Qd2+ 59. Qb2 Qxb2+ 60. Kxb2 Bd8 1/2-1/2

[Event "Najdorf Mem Open A 2014"]
[Site "Warsaw POL"]
[Date "2014.07.19"]
[Round "8.25"]
[White "Debashis, Das"]
[Black "Warszawski, Bartosz"]
[Result "0-1"]
[WhiteTitle "GM"]
[WhiteElo "2484"]
[BlackElo "2247"]
[WhiteFideId "5024854"]
[BlackFideId "1110799"]
[EventDate "2014.07.14"]

1. d4 Nf6 2. c4 e6 3. Nc3 Bb4 4. Nf3 c5 5. g3 cxd4 6. Nxd4 O-O 7. Bg2 d5 8. cxd5
Nxd5 9. Bd2 Bxc3 10. bxc3 e5 11. Nb3 Nc6 12. O-O Nb6 13. Qc2 Nc4 14. Rfd1 Qe7
15. Be1 Be6 16. Nd2 Rac8 17. Nxc4 Bxc4 18. Qb2 Rc7 19. e4 h6 20. Bd2 b6 21. Be3
Ba6 22. f4 Na5 23. Qb4 Qe6 24. Rd5 Nc4 25. Bf2 Bb7 26. f5 Qc8 27. Rd3 Qa8 28.
Re1 f6 29. Red1 a5 30. Qb3 Bxe4 31. Rd7 Rxd7 32. Qxc4+ Kh8 33. Rxd7 Bxg2 34. Qg4
Rg8 35. Be3 Qc6 36. Ra7 Bf3 37. Qh4 Qd5 38. Kf2 Qd1 39. Qc4 Bg4 40. Qf1 0-1

[Event "Najdorf Mem Open A 2014"]
[Site "Warsaw POL"]
[Date "2014.07.19"]
[Round "8.26"]
[White "Adamski, Jan"]
[Black "Lei, Tingjie"]
[Result "1-0"]
[WhiteTitle "IM"]
[WhiteElo "2293"]
[BlackElo "2450"]
[WhiteFideId "1100190"]
[BlackFideId "8605114"]
[EventDate "2014.07.14"]

1. Nf3 c5 2. c4 Nf6 3. Nc3 g6 4. d4 cxd4 5. Nxd4 Nc6 6. g3 d6 7. Bg2 Bd7 8. O-O
Bg7 9. b3 O-O 10. e3 Bg4 11. Qd2 Qd7 12. Bb2 Rac8 13. Rac1 Rfd8 14. Nd5 Nxd5 15.
cxd5 Nxd4 16. Bxd4 Bxd4 17. Qxd4 a6 18. Qb6 Be2 19. Rfe1 Rxc1 20. Rxc1 Rc8 21.
Rxc8+ Qxc8 22. h4 Bd3 23. a4 h6 24. a5 Qc1+ 25. Kh2 Qe1 26. e4 Kh7 27. b4 h5 28.
Qd4 Qe2 29. Qb6 Bb5 30. f3 Qc2 31. Kh3 Qc8+ 32. Kh2 Bd3 33. Kg1 Kg8 34. Kh2 Bb5
35. Qd4 f6 36. f4 Qc2 37. Kg1 Qe2 38. Kh2 Kf7 39. Kh1 Bc4 40. Kh2 Bd3 41. Kg1
Qc2 42. Kh1 Qb3 43. Kh2 Qb1 44. Qe3 Qc2 45. Kg1 Bc4 46. Qb6 Qd1+ 47. Kh2 Qd2 48.
Kg1 Bb5 49. Qxb7 Qxb4 50. Qb6 Qc3 51. Kh2 Qd2 52. Kg1 Qc3 53. Kh2 Qe1 54. Kh3
Qd2 55. e5 g5 56. hxg5 fxg5 57. Qd8 dxe5 58. fxe5 g4+ 59. Kh2 h4 60. e6+ Kg6 61.
Qg8+ Kf5 62. Qh7+ Ke5 63. Qxh4 Be2 64. Qh8+ Kf5 65. Qf8+ Ke5 66. Qf4+ Qxf4 67.
gxf4+ Kxf4 68. d6 g3+ 69. Kg1 exd6 70. Bf1 Bf3 71. Bxa6 d5 72. Bb5 d4 73. e7 1-0

[Event "Najdorf Mem Open A 2014"]
[Site "Warsaw POL"]
[Date "2014.07.19"]
[Round "8.27"]
[White "Cukrowski, Filip"]
[Black "Nurkiewicz, Maciej"]
[Result "1/2-1/2"]
[WhiteElo "2230"]
[BlackElo "2392"]
[WhiteFideId "1171097"]
[BlackFideId "1107046"]
[EventDate "2014.07.14"]

1. e4 c5 2. Nf3 d6 3. d4 cxd4 4. Nxd4 Nf6 5. Nc3 a6 6. Bg5 Nbd7 7. f4 Qc7 8. Qf3
b5 9. O-O-O Bb7 10. Bd3 e6 11. Rhe1 Be7 12. g4 b4 13. Nce2 Rc8 14. Bxf6 Bxf6 15.
g5 Be7 16. Kb1 g6 17. Qh3 e5 18. Nf3 exf4 19. Nxf4 Ne5 20. Nxe5 dxe5 21. Nd5
Bxd5 22. exd5 O-O 23. Qh6 Rfd8 24. Rf1 Bf8 25. Qh3 Rxd5 26. Rxf7 Qxf7 27. Qxc8
e4 28. Be2 Rxd1+ 29. Bxd1 Qd5 30. Bg4 Qxg5 31. Qe6+ Kg7 32. Qxe4 h5 33. Bd1 Qg1
34. Qe2 Bd6 35. h3 Qd4 36. Qd3 Qxd3 37. cxd3 Be5 38. Ba4 g5 39. Bd7 Kf6 40. Kc2
a5 1/2-1/2

[Event "Najdorf Mem Open A 2014"]
[Site "Warsaw POL"]
[Date "2014.07.19"]
[Round "8.29"]
[White "Cabezas Ayala, Ivan"]
[Black "Polok, Kacper"]
[Result "0-1"]
[WhiteTitle "FM"]
[WhiteElo "2333"]
[BlackElo "2215"]
[WhiteFideId "2207710"]
[BlackFideId "1137158"]
[EventDate "2014.07.14"]

1. e4 e6 2. d4 d5 3. Nc3 Nf6 4. e5 Nfd7 5. f4 c5 6. Nf3 Nc6 7. Be3 Be7 8. Qd2
O-O 9. O-O-O c4 10. f5 b5 11. Bg5 b4 12. Ne2 c3 13. Qf4 cxb2+ 14. Kb1 exf5 15.
Ng3 Nb6 16. Nxf5 Bxf5 17. Qxf5 Na4 18. Rd3 Nc3+ 19. Kxb2 g6 20. Bxe7 Qa5 0-1

[Event "Najdorf Mem Open A 2014"]
[Site "Warsaw POL"]
[Date "2014.07.19"]
[Round "8.30"]
[White "Cajbel, Maciej"]
[Black "Stoma, Pawel"]
[Result "1/2-1/2"]
[WhiteElo "2206"]
[BlackElo "2326"]
[WhiteFideId "1123475"]
[BlackFideId "1113569"]
[EventDate "2014.07.14"]

1. e4 c5 2. Nf3 Nc6 3. Nc3 e6 4. d4 cxd4 5. Nxd4 Nf6 6. g3 d6 7. Bg2 Bd7 8. O-O
Be7 9. Re1 O-O 10. Nxc6 Bxc6 11. a4 Nd7 12. Nb5 Nb6 13. Bf4 Nxa4 14. Nxd6 Nxb2
15. Qd4 Bxd6 16. Bxd6 Nc4 17. e5 Nxd6 18. Bxc6 bxc6 19. exd6 Qb6 20. Qe5 Qb5 21.
Qc3 Rfd8 22. Reb1 Qd5 23. Rd1 Qb5 24. Rdb1 Qd5 25. Rd1 1/2-1/2

[Event "Najdorf Mem Open A 2014"]
[Site "Warsaw POL"]
[Date "2014.07.19"]
[Round "8.31"]
[White "Przybylski, Wojciech"]
[Black "Jakubiec, Edyta"]
[Result "1/2-1/2"]
[WhiteTitle "FM"]
[BlackTitle "WIM"]
[WhiteElo "2313"]
[BlackElo "2189"]
[WhiteFideId "1117599"]
[BlackFideId "1114158"]
[EventDate "2014.07.14"]

1. e4 c5 2. Nf3 d6 3. Bb5+ Nd7 4. O-O a6 5. Bxd7+ Bxd7 6. d4 cxd4 7. Qxd4 e5 8.
Qd3 h6 9. c4 Rc8 10. Nc3 Nf6 11. a4 Be7 12. b3 O-O 13. Ba3 Qb6 14. Nxe5 Be6 15.
a5 Qc7 16. Nf3 Nd7 17. Nd5 Bxd5 18. Qxd5 Nc5 19. b4 Ne6 20. Rac1 Bf6 21. g3 Rfe8
22. Rfd1 Be7 23. Rc2 Bf8 24. Bb2 Qd7 25. Qd2 Qc6 26. Re1 b5 27. axb6 Qxb6 28.
Ba3 Qc6 29. Qd3 Qa4 30. Re3 Rc7 31. Kg2 Rec8 32. Nd2 Nd8 33. Qb3 Qd7 34. Rb2 Be7
35. Rc2 Nc6 36. Qd3 Ne5 37. Qd5 Bg5 38. f4 Bxf4 39. gxf4 Qg4+ 40. Kf2 Qxf4+ 41.
Ke2 Qxh2+ 42. Kd1 Qg1+ 43. Ke2 Qg2+ 44. Ke1 Qh1+ 45. Ke2 Qg2+ 46. Ke1 Qh1+ 1/2-1/2

[Event "Najdorf Mem Open A 2014"]
[Site "Warsaw POL"]
[Date "2014.07.19"]
[Round "8.32"]
[White "Bednarek, Sylwester"]
[Black "Luch, Michal"]
[Result "1-0"]
[WhiteTitle "FM"]
[BlackTitle "IM"]
[WhiteElo "2311"]
[BlackElo "2447"]
[WhiteFideId "1101811"]
[BlackFideId "1120042"]
[EventDate "2014.07.14"]

1. d4 Nf6 2. Bg5 e6 3. e4 h6 4. Bxf6 Qxf6 5. Qd2 b6 6. f4 Bb7 7. e5 Qd8 8. Nc3
Bb4 9. a3 Bxc3 10. Qxc3 Qh4+ 11. g3 Qe7 12. Nf3 O-O 13. O-O-O Rc8 14. Bc4 d5 15.
Bd3 c5 16. f5 c4 17. f6 gxf6 18. Be2 Nd7 19. Qe3 Kh7 20. Rdf1 f5 21. c3 Rg8 22.
Bd1 b5 23. Bc2 Rg4 24. Nh4 Re4 25. Bxe4 dxe4 26. Ng2 a5 27. g4 Rg8 28. h3 b4 29.
axb4 axb4 30. Rhg1 bxc3 31. Qxc3 Nb6 32. Ne3 Qg5 33. gxf5 Qxg1 34. Rxg1 Rxg1+
35. Kd2 Nd5 36. Qxc4 Nxe3 37. Kxe3 Bd5 38. Qc7 exf5 39. Qc5 Rg3+ 40. Kf2 Rf3+
41. Ke2 Bb3 42. d5 Rd3 43. e6 fxe6 44. dxe6 Rd5 45. Qc7+ 1-0

[Event "Najdorf Mem Open A 2014"]
[Site "Warsaw POL"]
[Date "2014.07.19"]
[Round "8.33"]
[White "Shvayger, Yuliya"]
[Black "Klekowski, Maciej"]
[Result "0-1"]
[WhiteTitle "WIM"]
[WhiteElo "2287"]
[BlackElo "2385"]
[WhiteFideId "14100126"]
[BlackFideId "1132717"]
[EventDate "2014.07.14"]

1. e4 c5 2. Nf3 Nc6 3. Bb5 g6 4. Bxc6 dxc6 5. d3 Bg7 6. Nc3 Nf6 7. Be3 Bg4 8.
O-O Nd7 9. h3 Bxf3 10. Qxf3 Qa5 11. Bd2 O-O 12. a4 Qc7 13. a5 Rfd8 14. Be3 b5
15. Bf4 Qc8 16. Qe3 Bd4 17. Qc1 Nf8 18. Ne2 Bh8 19. e5 Ne6 20. Bh2 Nd4 21. Re1
a6 22. b3 Bg7 23. Nc3 Qe6 24. Kf1 c4 25. dxc4 bxc4 26. b4 Qf5 27. Ra2 Nb5 28.
Qe3 Bh6 29. Qxh6 Nxc3 30. Raa1 Qxc2 31. Kg1 Qf5 32. Qh4 Qe6 33. Rac1 Rd3 34. Bg3
Rad8 35. Kh2 R8d4 36. f4 Nd5 37. Qh6 c3 0-1

[Event "Najdorf Mem Open A 2014"]
[Site "Warsaw POL"]
[Date "2014.07.19"]
[Round "8.34"]
[White "Korchmar, Vasiliy"]
[Black "Nowicki, Bartosz"]
[Result "1-0"]
[WhiteTitle "FM"]
[WhiteElo "2352"]
[BlackElo "2256"]
[WhiteFideId "24131750"]
[BlackFideId "1179730"]
[EventDate "2014.07.14"]

1. d4 f5 2. g3 Nf6 3. Bg2 e6 4. c4 c6 5. Qc2 d5 6. Nh3 Bd6 7. O-O O-O 8. Bf4 Be7
9. Nd2 h6 10. Bxb8 Rxb8 11. Nf4 Qe8 12. Nf3 g5 13. Nd3 b6 14. Nfe5 Bb7 15. c5
Rc8 16. a4 Ba6 17. Rfc1 Bxd3 18. Nxd3 Nd7 19. cxb6 axb6 20. b4 c5 21. dxc5 bxc5
22. bxc5 Nxc5 23. Nxc5 Rxc5 24. Qb3 Qb8 25. Qe3 Qb6 26. a5 Rxc1+ 27. Qxc1 Qc5
28. a6 Kf7 29. e3 Rc8 30. Qd1 Bf6 31. Rb1 Rc7 32. Qh5+ Kg7 33. Qe8 Qe7 34. Qb8
Be5 35. a7 Rxa7 36. Qxe5+ Qf6 37. Qxf6+ Kxf6 38. Bf1 Ke5 39. Rb8 Rh7 40. Rf8 g4
41. h4 gxh3 42. Bxh3 d4 43. f4+ Ke4 44. exd4 Kxd4 45. Rd8+ Ke3 46. Re8 Kf3 47.
Kh2 h5 48. Bg2+ Kf2 49. Ra8 h4 50. Ra2+ Ke3 51. Ra3+ Kf2 52. Rf3+ Ke2 53. Kg1
hxg3 54. Rxg3 Rh4 55. Bf1+ Kd2 56. Rd3+ Ke1 57. Re3+ Kd2 58. Rf3 Ke1 59. Bb5
Rg4+ 60. Kh2 Rh4+ 61. Kg3 Rg4+ 62. Kh3 Kd2 63. Rd3+ Ke1 64. Rf3 Kd2 65. Ba6 Ke1
66. Re3+ Kf2 67. Rxe6 Rxf4 68. Rf6 Rf3+ 69. Kh4 Ke3 70. Bb7 Rf1 71. Kg3 f4+ 72.
Kg2 Rf2+ 73. Kg1 Rb2 74. Re6+ Kd3 75. Be4+ Ke3 76. Bg2+ Kd3 77. Kf1 Ra2 78. Be4+
Kd4 79. Bf3 Rb2 80. Kg1 Kc3 81. Bg2 Kd3 82. Bf1+ Kd4 83. Be2 Rb3 84. Kf2 Re3 85.
Ra6 Ke4 86. Ra4+ Ke5 87. Bg4 Rc3 88. Ra5+ Ke4 89. Bf5+ Kd4 90. Bh7 Rc7 91. Bg8
Rc3 92. Bh7 Rc7 93. Ra4+ Ke5 94. Bd3 Rf7 95. Kf3 Rf8 96. Ra5+ Ke6 97. Kg4 f3 98.
Bf5+ Kd6 99. Kxf3 Re8 100. Kf4 Re7 101. Be4 Re8 102. Ke3 Rb8 103. Bd3 Rb4 104.
Bc2 Ke6 105. Be4 Kd6 106. Bd5 Rg4 107. Be4 Rg7 108. Kd4 Re7 109. Ra6+ Kc7 110.
Bd5 Rd7 111. Ke5 Re7+ 112. Be6 Kb7 113. Ra1 Rc7 114. Kd5 Rc2 115. Kd6 Rb2 116.
Bd5+ Kb6 117. Ra8 Rb4 118. Rc8 Rb5 119. Bc4 Rb4 120. Kd5 Kb7 121. Rh8 Rb2 122.
Kc5 Rc2 123. Rh7+ Kc8 124. Kd5 Kb8 125. Bb5 Rc1 126. Kd6 Rc2 127. Bc6 Rc1 128.
Rb7+ Kc8 129. Ra7 Rb1 130. Rh7 Rd1+ 131. Bd5 Kb8 132. Rb7+ Kc8 133. Ra7 Rb1 134.
Rh7 Kb8 135. Rh8+ Ka7 136. Ra8+ Kb6 137. Rb8+ 1-0

[Event "Najdorf Mem Open A 2014"]
[Site "Warsaw POL"]
[Date "2014.07.19"]
[Round "8.35"]
[White "Erzhanov, Arman"]
[Black "Barle, Janez"]
[Result "1/2-1/2"]
[WhiteTitle "FM"]
[BlackTitle "IM"]
[WhiteElo "2278"]
[BlackElo "2345"]
[WhiteFideId "4138821"]
[BlackFideId "14600021"]
[EventDate "2014.07.14"]

1. e4 c5 2. Nf3 Nc6 3. Bb5 g6 4. O-O Bg7 5. c3 Nf6 6. Qa4 O-O 7. d4 cxd4 8. cxd4
a6 9. Nc3 Ra7 10. Bxc6 dxc6 11. h3 Nd7 12. Be3 b5 13. Qc2 Ra8 14. a4 Bb7 15. a5
Rc8 16. b4 e5 17. Nxe5 Nxe5 18. dxe5 Bxe5 19. Bc5 Re8 20. Rad1 Qh4 21. Ne2 Rcd8
22. Rxd8 Rxd8 23. f4 Bd6 24. Bxd6 Rxd6 25. e5 Rd8 26. Rd1 Qe7 27. Rxd8+ Qxd8 28.
Qc5 Qd2 29. Kf2 Bc8 30. Qd6 Qxd6 31. exd6 Kf8 32. Ke3 Be6 33. Nc3 f5 34. Kd4 Ke8
35. Kc5 Kd7 36. h4 Bc4 37. Nd1 Bd5 38. Ne3 Be4 39. g4 h5 40. gxh5 gxh5 41. Nf1
Bf3 42. Ng3 Bg4 43. Nh1 Be2 44. Nf2 Bf1 45. Nd1 Bg2 46. Nc3 Bf3 47. Nb1 Bg2 48.
Nc3 Bf3 49. Kb6 Kxd6 50. Kxa6 Kc7 51. Nxb5+ cxb5 52. Kxb5 Kb7 53. Kc5 Ka6 54.
Kd6 Kb5 55. Ke5 Bg4 56. Ke6 Ka6 1/2-1/2

[Event "Najdorf Mem Open A 2014"]
[Site "Warsaw POL"]
[Date "2014.07.19"]
[Round "8.37"]
[White "Lewicki, Miroslaw"]
[Black "Loos, Roland"]
[Result "0-1"]
[WhiteTitle "CM"]
[WhiteElo "2242"]
[BlackElo "2335"]
[WhiteFideId "1113380"]
[BlackFideId "4643232"]
[EventDate "2014.07.14"]

1. e4 e6 2. d4 d5 3. Nd2 Nf6 4. Bd3 c5 5. e5 Nfd7 6. c3 Nc6 7. Ne2 cxd4 8. cxd4
f6 9. Nf4 Nxd4 10. Qh5+ Ke7 11. exf6+ Nxf6 12. Ng6+ hxg6 13. Qxh8 Kf7 14. O-O e5
15. Nb3 Nxb3 16. axb3 Be6 17. Bg5 e4 18. Be2 Bc5 19. Qh4 Qe7 20. Kh1 Rd8 21. f4
Kg8 22. Rac1 Bb6 23. Bg4 Bxg4 24. Qxg4 Nxg4 25. Bxe7 Rd7 26. Bh4 d4 27. Rc8+ Kf7
28. f5 d3 29. Bg5 Nf2+ 0-1

[Event "Najdorf Mem Open A 2014"]
[Site "Warsaw POL"]
[Date "2014.07.19"]
[Round "8.38"]
[White "Wiewiora, Eneasz"]
[Black "Wisniowska, Klaudia"]
[Result "1/2-1/2"]
[BlackTitle "WFM"]
[WhiteElo "2218"]
[BlackElo "2186"]
[WhiteFideId "1140396"]
[BlackFideId "1181238"]
[EventDate "2014.07.14"]

1. e4 c5 2. c3 d5 3. exd5 Qxd5 4. d4 Nc6 5. Nf3 Bf5 6. Be3 Nf6 7. Be2 e6 8. O-O
cxd4 9. Nxd4 Nxd4 10. Qxd4 Qxd4 11. Bxd4 Bd6 12. Nd2 O-O 13. Bf3 Bf4 14. Nb3 Be4
15. Bxe4 Nxe4 16. Rfe1 Nd6 17. Na5 b6 18. Nc6 Nf5 19. b4 Nxd4 20. cxd4 b5 21. a4
a6 22. axb5 axb5 23. Ra5 Rxa5 24. bxa5 Ra8 25. Rb1 Ra6 26. d5 exd5 27. Ne7+ Kf8
28. Nxd5 Bd2 29. Rxb5 g6 30. Nb4 Bxb4 31. Rxb4 1/2-1/2

[Event "Najdorf Mem Open A 2014"]
[Site "Warsaw POL"]
[Date "2014.07.19"]
[Round "8.39"]
[White "Obrusnik, Michal"]
[Black "Vaarala, Eric"]
[Result "1-0"]
[WhiteElo "2306"]
[BlackElo "2282"]
[WhiteFideId "1136674"]
[BlackFideId "1711962"]
[EventDate "2014.07.14"]

1. e4 c5 2. c3 e6 3. d4 d5 4. exd5 exd5 5. Nf3 Nc6 6. Bb5 a6 7. Bxc6+ bxc6 8.
O-O Bd6 9. dxc5 Bxc5 10. Be3 Bxe3 11. Re1 Ne7 12. Rxe3 O-O 13. Nbd2 Bg4 14. Qa4
Bxf3 15. Rxf3 Ng6 16. Re3 Qb6 17. Nb3 Rab8 18. Rd1 Rfe8 19. Rde1 Rxe3 20. Rxe3
Nf8 21. c4 Ne6 22. cxd5 cxd5 23. Rc3 Qd6 24. h3 h6 25. Qc6 Qe5 26. Qxa6 Nf4 27.
Re3 Qg5 28. Qf1 d4 29. Nxd4 Rxb2 30. g3 Qg6 31. Kh2 Nd5 32. Re2 Rb1 33. Qg2 Nf6
34. Qf3 Ra1 35. Qf5 Qxf5 36. Nxf5 Nd5 37. Nd6 Nc3 38. Re8+ Kh7 39. Rc8 Nxa2 40.
Nxf7 Nb4 41. Ne5 Re1 42. Rc5 Na6 43. Ra5 Nc7 44. h4 Ne8 45. Kg2 Nf6 46. g4 Rd1
47. Ra8 Re1 48. Ra5 Rd1 49. f4 Nd7 50. Nf3 Nf6 51. Ne5 Nd7 52. Kf3 Nxe5+ 53.
fxe5 Rd4 54. e6 Kg6 55. Rf5 Rd6 56. h5+ Kh7 57. Re5 Rd8 58. e7 Re8 59. Ke4 Kg8
60. Kd5 Kf7 61. Kd6 Ra8 62. Rf5+ Kg8 63. Ra5 Rxa5 64. e8=Q+ Kh7 65. Qe4+ Kh8 66.
Ke7 Ra6 67. Qf3 Ra7+ 68. Kf8 Ra6 69. Qd5 Rf6+ 70. Ke7 Kh7 71. Qd4 Kg8 72. Qxf6
gxf6 73. Kxf6 Kh7 74. Kf7 Kh8 75. Kg6 1-0

[Event "Najdorf Mem Open A 2014"]
[Site "Warsaw POL"]
[Date "2014.07.19"]
[Round "8.40"]
[White "Goslawski, Michal"]
[Black "Halak, Miklos"]
[Result "1-0"]
[WhiteElo "2156"]
[BlackElo "2213"]
[WhiteFideId "1171259"]
[BlackFideId "726400"]
[EventDate "2014.07.14"]

1. e4 d6 2. d4 Nf6 3. Nc3 Nbd7 4. f4 c5 5. e5 cxd4 6. Qxd4 Ng4 7. exd6 exd6 8.
Nd5 Ndf6 9. Nf3 Qa5+ 10. Nc3 Bd7 11. Bd2 Qc5 12. Qxc5 dxc5 13. h3 Nh6 14. g4 Bc6
15. Bb5 Bxb5 16. Nxb5 Nd5 17. O-O-O O-O-O 18. Nxa7+ Kc7 19. Nb5+ Kc6 20. c4 f6
21. Rhe1 Nb6 22. Re6+ Bd6 23. b3 Nc8 24. Ba5 Rhe8 25. Rde1 Rxe6 26. Rxe6 b6 27.
Bd2 Kd7 28. f5 Nf7 29. Bc3 Ne7 30. Re1 Nc6 31. Nxd6 Nxd6 32. Kc2 Rh8 33. Rd1 Re8
34. Re1 Rh8 35. Nh4 Re8 36. Rxe8 Kxe8 37. Kd3 Kf7 38. Ng2 g6 39. fxg6+ hxg6 40.
Nf4 Ne7 41. h4 Ndc8 42. a3 f5 43. g5 Nd6 44. Be5 Ne8 45. a4 Nc6 46. Bc3 Nd6 47.
Nd5 Nc8 48. Ke3 Ke6 49. Kf4 Nb8 50. Be5 Nc6 51. Bc3 Nb8 52. Ke3 Nc6 53. Nf4+ Kf7
54. h5 gxh5 55. g6+ Kg8 56. Nxh5 N6e7 57. g7 Kf7 58. Nf4 Nd6 59. Nd5 Nec8 60.
Kf4 Ne4 61. Kxf5 Nxc3 62. Nxc3 Ne7+ 63. Ke5 Nc6+ 64. Kd6 Nd4 65. Kc7 Kxg7 66.
Kxb6 Nxb3 67. a5 Nxa5 68. Kxa5 Kf6 69. Kb6 Ke7 70. Kxc5 Kd7 71. Kb6 Kc8 72. c5
Kb8 73. c6 1-0

[Event "Najdorf Mem Open A 2014"]
[Site "Warsaw POL"]
[Date "2014.07.19"]
[Round "8.41"]
[White "Gasik, Anna"]
[Black "Teglas, Balazs"]
[Result "1/2-1/2"]
[WhiteTitle "WIM"]
[WhiteElo "2261"]
[BlackElo "2213"]
[WhiteFideId "1121952"]
[BlackFideId "727130"]
[EventDate "2014.07.14"]

1. e4 e6 2. d4 d5 3. Nd2 Nc6 4. Ngf3 Nf6 5. e5 Nd7 6. Bb5 a6 7. Bxc6 bxc6 8. Nb3
c5 9. Bg5 Be7 10. Na5 Nxe5 11. Nxe5 Bxg5 12. dxc5 O-O 13. h4 Bf6 14. Qd4 Qe8 15.
f4 Rb8 16. g4 Qb5 17. Nb3 a5 18. a4 Qa6 19. Qd2 Bxe5 20. fxe5 Qc4 21. Qe2 Qb4+
22. Kf2 f6 23. Kg3 Bd7 24. Rhf1 fxe5 25. Qxe5 Bxa4 26. Nd4 Rxf1 27. Rxf1 Qxc5
28. Nxe6 Qd6 29. Qxd6 cxd6 30. b3 Bd7 31. Nd4 a4 32. bxa4 Bxa4 33. Rf5 Bd7 34.
Rf1 Rb4 35. Nf5 1/2-1/2

[Event "Politiken Cup"]
[Site "Helsingor"]
[Date "2014.07.21"]
[Round "1.7"]
[White "Hinrichs,2003, Lars"]
[Black "Jones,2665, Gawain C B"]
[Result "*"]
[WhiteElo "2003"]
[BlackElo "2665"]
[EventDate "2014.07.21"]

1. e4 c5 2. Nf3 d6 3. d4 cxd4 4. Nxd4 Nf6 5. Nc3 g6 6. Be3 Bg7 7. Be2 O-O
8. f4 Nc6 9. Nb3 Be6 10. g4 Rc8 *

[Event "Politiken Cup"]
[Site "Helsingor"]
[Date "2014.07.21"]
[Round "1.11"]
[White "Grebstad,1994, Kjell Borre"]
[Black "Timman,2610, Jan H"]
[Result "*"]
[WhiteElo "1994"]
[BlackElo "2610"]
[EventDate "2014.07.21"]

1. d4 Nf6 2. c4 e6 3. Nc3 Bb4 4. Qc2 d6 5. a3 Bxc3+ 6. Qxc3 O-O 7. Nf3 b6
8. g3 Bb7 9. Bg2 Nbd7 10. O-O Qe7 *

[Event "Politiken Cup"]
[Site "Helsingor"]
[Date "2014.07.21"]
[Round "1.6"]
[White "Rasmussen, Lars"]
[Black "Schandorff,2529, Lars"]
[Result "*"]
[WhiteElo "1984"]
[BlackElo "2529"]
[EventDate "2014.07.21"]

1. e4 c6 2. d4 d5 3. Nc3 dxe4 4. Nxe4 Bf5 5. Ng3 Bg6 6. h4 h6 7. Nf3 Nd7 8.
h5 Bh7 9. Bd3 Bxd3 10. Qxd3 e6 11. Bd2 Ngf6 12. O-O-O Be7 13. Ne4 Nxe4 14.
Qxe4 Nf6 15. Qd3 *

[Event "Politiken Cup"]
[Site "Helsingor"]
[Date "2014.07.21"]
[Round "1.24"]
[White "Astrom, Lars"]
[Black "Schroeder, Jan-Christian"]
[Result "*"]
[WhiteElo "1939"]
[BlackElo "2370"]
[EventDate "2014.07.21"]

1. e4 e5 2. Nf3 Nc6 3. Bc4 Nf6 4. d3 Be7 5. O-O O-O 6. c3 d6 7. Re1 Na5 8.
Bb5 a6 9. Ba4 b5 10. Bc2 c5 11. Nbd2 Nc6 12. Nf1 Be6 *